| 000 | 00447nab a2200145Ia 4500 | ||
|---|---|---|---|
| 003 | ES-SlBCS | ||
| 005 | 20210601125303.0 | ||
| 008 | 140529s1998 xxu||||| |||| 00| 0 eng d | ||
| 041 | _aeng | ||
| 100 | 1 |
_aRea, Michael C. _9133124 |
|
| 245 | 0 | 0 |
_aIn Defense of Mereological Universalism _c Michael C. Rea |
| 650 | 0 | 4 |
_aUniversalismo _9156329 |
| 773 | 0 |
_tPhilosophy and Phenomenological Research _gvol. 58, 1998, págs. 347-360 _wRev1411 |
|
| 942 | _cAR | ||
| 999 |
_c527854 _d527854 |
||